Hogyan éljünk együtt a Crohn-betegséggel?

Elmentve itt :
Bibliográfiai részletek
Szerző: Lombfalviné Botka Krisztina Anna
További közreműködők: Pintérné dr. Jármay Katalin (Témavezető)
Dokumentumtípus: Szakdolgozat
Megjelent: 2010
Tárgyszavak:
Online Access:http://diploma.bibl.u-szeged.hu/92276
LEADER 00702nta a2200181 i 4500
001 dipl92276
005 20201001123413.0
008 200924s2010 hu om 0|| zxx d
040 |a SZTE Diploma Repozitórium  |b hun 
041 |a zxx 
100 2 |a Lombfalviné Botka Krisztina Anna 
245 1 0 |a Hogyan éljünk együtt a Crohn-betegséggel?  |h [elektronikus dokumentum] /  |c Krisztina Anna Lombfalviné Botka 
260 |c 2010 
650 4 |a Orvos- és egészségtudományok 
650 4 |a Medical and health sciences 
650 4 |a Health sciences 
700 2 |a Pintérné dr. Jármay Katalin  |e ths 
856 4 0 |u http://diploma.bibl.u-szeged.hu/id/eprint/92276/1/2010_lombfalvine_botka_krisztina_anna.pdf  |z Dokumentum-elérés